100 Biggest Cities of the Midwestern United States in the Gilded Age - Statistics

General Stats
  • This quiz has been taken 154 times
  • The average score is 53 of 100
Answers on the Map
Answers color-coded by a green-red scale on the quiz's map according to % correct below.
 
Answer Stats
Population State Cities % Correct
1,099,850 IL Chicago
98%
105,436 IN Indianapolis
98%
296,908 OH Cincinnati
97%
205,876 MI Detroit
97%
164,738 MN Minneapolis
97%
261,353 OH Cleveland
95%
88,150 OH Columbus
95%
132,716 MO Kansas City
94%
38,316 KS Kansas City
94%
204,468 WI Milwaukee
94%
50,093 IA Des Moines
93%
133,156 MN Saint Paul
93%
31,895 OH Springfield
93%
24,963 IL Springfield
93%
21,850 MO Springfield
93%
451,770 MO St. Louis
93%
55,154 NE Lincoln
92%
140,452 NE Omaha
91%
13,426 WI Madison
89%
81,434 OH Toledo
89%
33,115 MN Duluth
86%
60,278 MI Grand Rapids
84%
13,102 MI Lansing
84%
23,853 KS Wichita
84%
27,601 OH Akron
83%
31,007 KS Topeka
83%
61,220 OH Dayton
82%
35,393 IN Fort Wayne
81%
21,819 IN South Bend
79%
50,756 IN Evansville
78%
26,872 IA Davenport
75%
37,806 IA Sioux City
75%
41,024 IL Peoria
74%
18,020 IA Cedar Rapids
72%
23,584 IL Rockford
70%
20,484 IL Bloomington
66%
33,220 OH Youngstown
66%
17,853 MI Kalamazoo
64%
46,322 MI Saginaw
64%
23,264 IL Joliet
63%
15,169 IL East St. Louis
60%
17,415 WI Eau Claire
60%
52,324 MO St. Joseph
60%
30,311 IA Dubuque
57%
19,688 IL Aurora
56%
26,189 OH Canton
55%
22,836 WI Oshkosh
55%
11,869 WI Appleton
53%
21,014 WI Racine
51%
25,090 WI La Crosse
50%
18,471 OH Sandusky
48%
30,217 IN Terre Haute
48%
27,839 MI Bay City
47%
12,981 MI West Bay City
47%
16,359 WI Sheboygan
46%
21,474 IA Council Bluffs
45%
16,243 IN Lafayette
45%
13,197 MI Battle Creek
41%
17,823 IL Elgin
41%
12,000 IL Moline
41%
16,841 IL Decatur
38%
15,981 OH Lima
38%
12,024 WI Fond du Lac
36%
20,798 MI Jackson
36%
13,634 IL Rock Island
36%
11,983 WI Superior
36%
21,009 OH Zanesville
36%
22,702 MI Muskegon
35%
17,565 OH Hamilton
34%
13,543 MI Port Huron
34%
31,494 IL Quincy
34%
13,394 OH Steubenville
29%
18,208 MN Winona
26%
19,768 KS Leavenworth
25%
13,473 OH Mansfield
25%
12,394 OH Portsmouth
25%
15,361 IL Belleville
24%
22,565 IA Burlington
22%
11,491 IL Danville
22%
12,857 MO Hannibal
22%
21,059 IN New Albany
22%
13,619 IA Clinton
21%
18,553 OH Findlay
21%
14,001 IA Ottumwa
21%
16,608 IN Richmond
21%
14,270 OH Newark
20%
13,584 NE Hastings
19%
14,101 IA Keokuk
19%
11,454 IA Muscatine
19%
15,264 IL Galesburg
17%
11,494 NE Nebraska City
15%
11,523 WI Marinette
14%
13,963 KS Atchison
13%
13,328 IN Logansport
13%
12,812 MI Manistee
13%
14,068 MO Sedalia
13%
12,935 IL Jacksonville
12%
13,836 NE Beatrice
10%
11,946 KS Fort Scott
8%
11,414 IL Streator
7%
No matching quizzes found
Score Distribution
Percent of People with Each Score
Percentile by Number Answered
Your Score History
You have not taken this quiz